000 00840nam a2200265 a 4500
001 BRL_758
005 20190320210901.0
008 021013s1963----mx-a######---#000-0#spa-#
041 _aspa
044 _amx
050 4 _aSF61
_b.P47 1963
100 1 _aPeters, Walter H.
_924853
245 1 0 _aGanadería Productiva
_cWalter H. Peters, Robert H. Grummer; Traduccíón al Castellano por Juan de Adarraga.
250 _a2a ed. rev.
260 _aMéxico
_bUnión tipográfica Editorial Hispano Americana
_c1963
300 _ax, 445 p.
_bil.
_c23 cm.
440 0 _aBiblioteca Técnica de Agricultura y Ganadería
_924854
500 _aAu856
500 _aIncluye índice alfabético
650 1 4 _aGanadería
_923408
700 1 _aGrummer, Robert H.
_924855
700 1 _aAdarraga, Juan de
_etr.
_924856
902 _aGRL
942 _2lcc
_cB
999 _c9570
_d9570